Online bibliographic databases : an international directory /

Guardado en:
Autor Principal: Hall, J. L. 1938-
Otros Autores: Brown, Marjorie J.
Formato: Libro
Idioma:English
Publicado: London : Detroit, Mich. : Aslib ; distributed by Gale Research Co., c1981.
Edición:2nd. ed.
Materias:
Etiquetas: Agregar Etiqueta
Sin Etiquetas, Sea el primero en etiquetar este registro!
LEADER 00850nam a22002175a 4500
001 EIQ.libpla000063
008 050912s1981####enka#####b####001#0#eng#d
005 20130301144934.0
245 1 0 |a Online bibliographic databases :  |b an international directory /  |c James L. Hall, Marjorie J. Brown. 
250 |a 2nd. ed. 
260 |a London :  |b Aslib ;  |a Detroit, Mich. :  |b distributed by Gale Research Co.,  |c c1981. 
300 |a xxx, 213 p. :  |b il. ;  |c 24 cm. 
500 |a Incluye bibliografía e índice. 
020 |a 0810305283 (North America) 
020 |a 0851421385 
100 1 |a Hall, J. L.  |q (James Logan),  |d 1938- 
700 1 |a Brown, Marjorie J.  |q (Marjorie Jean) 
650 4 |a Servicos bibliográficos  |v Directorios. 
650 0 |a Bibliographical services  |v Directories. 
040 |a AR-BbSID  |b spa  |c AR-BbSID 
859 |a AR-BbSID  |b BIB. PLAPIQUI  |h 001.644  |i H 143  |p 1259